Business education (Record no. 364357)

000 -LEADER
fixed length control field 00357cam a22001217a 4500
008 - FIXED-LENGTH DATA ELEMENTS--GENERAL INFORMATION
fixed length control field 180718b1963 xxu||||| |||| 00| 0 eng d
082 ## - DEWEY DECIMAL CLASSIFICATION NUMBER
Classification number P63 D746b
100 ## - MAIN ENTRY--PERSONAL NAME
Personal name Douglas, Lloyd V.
245 ## - TITLE STATEMENT
Title Business education
Statement of responsibility, etc. by Lloyd V. Douglas
260 ## - PUBLICATION, DISTRIBUTION, ETC.
Place of publication, distribution, etc. Washington
Name of publisher, distributor, etc. Center for Applied Research in Education
Date of publication, distribution, etc. 1963
300 ## - PHYSICAL DESCRIPTION
Extent 115p.
650 ## - SUBJECT ADDED ENTRY--TOPICAL TERM
Topical term or geographic name entry element Business education
Holdings
Withdrawn status Lost status Damaged status Not for loan Permanent Location Current Location Date acquired Full call number Barcode Date last seen Price effective from Koha item type
        Indian Institute of Public Administration Indian Institute of Public Administration 1994-04-07 P63 D746b 32703 2018-07-21 2018-07-21 Book

Powered by Koha